<?xml version="1.0" encoding="UTF-8"?>
<record
    xmlns:xsi="http://www.w3.org/2001/XMLSchema-instance"
    xsi:schemaLocation="http://www.loc.gov/MARC21/slim http://www.loc.gov/standards/marcxml/schema/MARC21slim.xsd"
    xmlns="http://www.loc.gov/MARC21/slim">

  <leader>03056nam a2200337 a 4500</leader>
  <controlfield tag="001">000003546</controlfield>
  <controlfield tag="003">DO-SdBNP</controlfield>
  <controlfield tag="005">20230213105058.0</controlfield>
  <controlfield tag="007">000003546</controlfield>
  <controlfield tag="008">090710s2001    dr abd        001 0 spa d</controlfield>
  <datafield tag="020" ind1=" " ind2=" ">
    <subfield code="a">9993481793</subfield>
  </datafield>
  <datafield tag="040" ind1=" " ind2=" ">
    <subfield code="a">BPMSU</subfield>
    <subfield code="b">spa</subfield>
    <subfield code="c">BPMSU</subfield>
  </datafield>
  <datafield tag="082" ind1=" " ind2="4">
    <subfield code="a">972.93</subfield>
    <subfield code="b">N964o 2001</subfield>
    <subfield code="2">22</subfield>
  </datafield>
  <datafield tag="100" ind1="1" ind2=" ">
    <subfield code="a">N&#xFA;&#xF1;ez, Manuel</subfield>
  </datafield>
  <datafield tag="245" ind1="1" ind2="3">
    <subfield code="a">El ocaso de la naci&#xF3;n dominicana /</subfield>
    <subfield code="c">Manuel N&#xFA;&#xF1;ez.</subfield>
  </datafield>
  <datafield tag="250" ind1=" " ind2=" ">
    <subfield code="a">2a. ed. corr. y aum.</subfield>
  </datafield>
  <datafield tag="260" ind1=" " ind2=" ">
    <subfield code="a">Santo Domingo :</subfield>
    <subfield code="b">Letra Gr&#xE1;fica,</subfield>
    <subfield code="c">2001.</subfield>
    <subfield code="g"> </subfield>
  </datafield>
  <datafield tag="300" ind1=" " ind2=" ">
    <subfield code="a">714 p. :</subfield>
    <subfield code="b">il., gr&#xE1;f., mapas, retrs. ;</subfield>
    <subfield code="c">24 cm.</subfield>
  </datafield>
  <datafield tag="500" ind1=" " ind2=" ">
    <subfield code="a"> </subfield>
  </datafield>
  <datafield tag="500" ind1=" " ind2=" ">
    <subfield code="a">Incluye referencias bibliogr&#xE1;ficas e &#xED;ndice.</subfield>
  </datafield>
  <datafield tag="504" ind1=" " ind2=" ">
    <subfield code="a">Bibliograf&#xED;a: p. 683-701</subfield>
  </datafield>
  <datafield tag="505" ind1="0" ind2=" ">
    <subfield code="a">Nota a la segunda edici&#xF3;n -- </subfield>
    <subfield code="t">Nota preliminar --</subfield>
    <subfield code="t"> La traici&#xF3;n de los intelectuales -- </subfield>
    <subfield code="t">Las naciones son mortales --</subfield>
    <subfield code="t"> Anexionismo e ideal de independencia -- </subfield>
    <subfield code="t">La guerra dom&#xED;nico-haitiana --</subfield>
    <subfield code="t"> La Naci&#xF3;n puesta a prueba --</subfield>
    <subfield code="t"> La Naci&#xF3;n y el Estado -- </subfield>
    <subfield code="t">La historia de larga duraci&#xF3;n --</subfield>
    <subfield code="t"> La sustituci&#xF3;n de la poblaci&#xF3;n dominicana --</subfield>
    <subfield code="t"> La desnacionalizaci&#xF3;n de la mano de obra --</subfield>
    <subfield code="t">- La desnacionalizaci&#xF3;n de la cultura --</subfield>
    <subfield code="t"> La desnacionalizaci&#xF3;n del territorio --</subfield>
    <subfield code="t">La desnacionalizaci&#xF3;n de los registros civiles -- </subfield>
    <subfield code="t">El peso de los problemas haitianos en la Rep&#xFA;blica Dominicana -- </subfield>
    <subfield code="t">El desarrollo de estereotipos. ONU, OEA, organismos internacionales -- </subfield>
    <subfield code="t">Un estado ca&#xF3;tico e ingobernable --</subfield>
    <subfield code="t"> Un pa&#xED;s sin soberan&#xED;a -- </subfield>
    <subfield code="t">Actividades antidominicanas -- </subfield>
    <subfield code="t">Los trastornos sanitarios producidos por la inmigraci&#xF3;n haitiana -- </subfield>
    <subfield code="t">El peso de los sin papeles en la educaci&#xF3;n -- </subfield>
    <subfield code="t">La pol&#xED;tica de los hechos consumados --</subfield>
    <subfield code="t"> El papel de los Estados Unidos como estado mediador.</subfield>
  </datafield>
  <datafield tag="505" ind1="0" ind2=" ">
    <subfield code="a">El poder transnacional del narcotr&#xE1;fico -- </subfield>
    <subfield code="t">La incompetencia de los dirigentes -- </subfield>
    <subfield code="t">La colonizaci&#xF3;n --</subfield>
    <subfield code="t">El factor demogr&#xE1;fico -- </subfield>
    <subfield code="t">La historiograf&#xED;a sin el pueblo-Naci&#xF3;n -- </subfield>
    <subfield code="t">Factor pol&#xED;tico: la batalla jur&#xED;dica de los indocumentados -- </subfield>
    <subfield code="t">El lenguaje perverso -- </subfield>
    <subfield code="t">La raza contra la naci&#xF3;n dominicana -- </subfield>
    <subfield code="t">La igualdad de las razas no suprime la diversidad de culturas -- </subfield>
    <subfield code="t">Factor econ&#xF3;mico: una temporada en el infierno neoliberal -- </subfield>
    <subfield code="t">La globalizaci&#xF3;n contra la naci&#xF3;n -- </subfield>
    <subfield code="t">La visi&#xF3;n de Ignacio Ellacur&#xED;a --</subfield>
    <subfield code="t"> Factor territorial: las limitaciones del territorio haitiano -- </subfield>
    <subfield code="t">De la colonizaci&#xF3;n interior a la colonizaci&#xF3;n exterior --</subfield>
    <subfield code="t"> La frontera invisible -- </subfield>
    <subfield code="t">Una mentalidad de asistidos sociales --</subfield>
    <subfield code="t"> Los prop&#xF3;sitos de las ONG -- </subfield>
    <subfield code="t">El rechazo de lo dominicano -- </subfield>
    <subfield code="t">La Iglesia contra la Naci&#xF3;n: el caso de los Jesuitas -- </subfield>
    <subfield code="t">La conciencia desgarrada -- </subfield>
    <subfield code="t">Saman&#xE1;: el ejemplo hist&#xF3;rico -- </subfield>
    <subfield code="t">La decadencia del patriotismo -- </subfield>
    <subfield code="t">Una isla: dos naciones --</subfield>
    <subfield code="t"> Price Mars o el racismo a lo Gobineau -- </subfield>
    <subfield code="t">La interpretaci&#xF3;n de la independencia -- </subfield>
  </datafield>
  <datafield tag="590" ind1=" " ind2=" ">
    <subfield code="6">Inventariado, 2023/VM</subfield>
  </datafield>
  <datafield tag="650" ind1=" " ind2="4">
    <subfield code="a">Nacionalismo </subfield>
  </datafield>
  <datafield tag="650" ind1=" " ind2="4">
    <subfield code="a">Sociolog&#xED;a hist&#xF3;rica </subfield>
  </datafield>
  <datafield tag="651" ind1=" " ind2="4">
    <subfield code="a">REP&#xDA;BLICA DOMINICANA</subfield>
    <subfield code="x">HISTORIA</subfield>
  </datafield>
  <datafield tag="651" ind1=" " ind2="4">
    <subfield code="a">Rep&#xFA;blica Dominicana </subfield>
    <subfield code="x">Historiograf&#xED;a </subfield>
  </datafield>
  <datafield tag="910" ind1=" " ind2=" ">
    <subfield code="a">VMATEO V./Validado. Control de calidad </subfield>
  </datafield>
  <datafield tag="942" ind1=" " ind2=" ">
    <subfield code="2">ddc</subfield>
    <subfield code="c">BK</subfield>
  </datafield>
  <datafield tag="952" ind1=" " ind2=" ">
    <subfield code="0">0</subfield>
    <subfield code="1">0</subfield>
    <subfield code="2">ddc</subfield>
    <subfield code="4">0</subfield>
    <subfield code="7">0</subfield>
    <subfield code="8">CD</subfield>
    <subfield code="a">BPMET</subfield>
    <subfield code="b">BPMET</subfield>
    <subfield code="d">2015-07-20</subfield>
    <subfield code="o">BPMSU CD 972.93 N964e  2001</subfield>
    <subfield code="p">BPMSU15070259</subfield>
    <subfield code="r">2015-07-20</subfield>
    <subfield code="w">2015-07-20</subfield>
    <subfield code="y">BK</subfield>
  </datafield>
  <datafield tag="952" ind1=" " ind2=" ">
    <subfield code="0">0</subfield>
    <subfield code="1">0</subfield>
    <subfield code="2">ddc</subfield>
    <subfield code="4">0</subfield>
    <subfield code="7">0</subfield>
    <subfield code="8">CD</subfield>
    <subfield code="a">BPMET</subfield>
    <subfield code="b">BPMET</subfield>
    <subfield code="d">2015-07-20</subfield>
    <subfield code="o">BPMSU CD 972.93 N964e  2001</subfield>
    <subfield code="p">BPMSU15070260</subfield>
    <subfield code="r">2015-07-20</subfield>
    <subfield code="t">e. 2</subfield>
    <subfield code="w">2015-07-20</subfield>
    <subfield code="y">BK</subfield>
  </datafield>
  <datafield tag="952" ind1=" " ind2=" ">
    <subfield code="0">0</subfield>
    <subfield code="1">0</subfield>
    <subfield code="2">ddc</subfield>
    <subfield code="4">0</subfield>
    <subfield code="7">0</subfield>
    <subfield code="8">CD</subfield>
    <subfield code="a">BPMET</subfield>
    <subfield code="b">BPMET</subfield>
    <subfield code="d">2015-07-20</subfield>
    <subfield code="o">BPMSU CD 972.93 N964e  2001</subfield>
    <subfield code="p">BPMSU15070261</subfield>
    <subfield code="r">2015-07-20</subfield>
    <subfield code="t">e. 3</subfield>
    <subfield code="w">2015-07-20</subfield>
    <subfield code="y">BK</subfield>
  </datafield>
  <datafield tag="999" ind1=" " ind2=" ">
    <subfield code="c">7976</subfield>
    <subfield code="d">7976</subfield>
  </datafield>
</record>
